|
|
|
|
| LEADER |
00000nam0a2200000 4500 |
| 001 |
283125 |
| 005 |
20231101235551.0 |
| 035 |
|
|
|a (RuTPU)RU\TPU\book\307165
|
| 090 |
|
|
|a 283125
|
| 100 |
|
|
|a 20150204d1983 k y0rusy50 ca
|
| 101 |
0 |
|
|a rus
|
| 102 |
|
|
|a RU
|
| 105 |
|
|
|a a z 101zy
|
| 200 |
1 |
|
|a Материалы VIII Всесоюзной конференции по электронно-лучевой сварке, 1-3 февраля 1983 г., г. Москва
|f Московский энергетический институт (МЭИ) ; под ред. Н. А. Ольшанского
|
| 210 |
|
|
|a Москва
|c Изд-во МЭИ
|d 1983
|
| 215 |
|
|
|a 191 с.
|c ил.
|
| 320 |
|
|
|a Библиогр. в конце докладов
|
| 606 |
1 |
|
|a Электронно-лучевая сварка
|2 stltpush
|3 (RuTPU)RU\TPU\subj\20388
|9 45497
|
| 610 |
1 |
|
|a энергосберегающая технология
|
| 610 |
1 |
|
|a дизельные двигатели
|
| 610 |
1 |
|
|a механические свойства
|
| 610 |
1 |
|
|a высоколегированные стали
|
| 610 |
1 |
|
|a структура
|
| 610 |
1 |
|
|a металлы
|
| 610 |
1 |
|
|a сварные соединения
|
| 610 |
1 |
|
|a титановые сплавы
|
| 610 |
1 |
|
|a швы
|
| 610 |
1 |
|
|a нагрев
|
| 610 |
1 |
|
|a расплавы
|
| 610 |
1 |
|
|a электронные пучки
|
| 610 |
1 |
|
|a расчет
|
| 610 |
1 |
|
|a оборудование
|
| 610 |
1 |
|
|a теория
|
| 675 |
|
|
|a 621.791.722(063)
|v 3
|
| 702 |
|
1 |
|a Ольшанский
|b Н. А.
|4 340
|
| 712 |
0 |
2 |
|a Московский энергетический институт (МЭИ)
|c (1930-1992)
|2 stltpush
|3 (RuTPU)RU\TPU\col\20092
|
| 712 |
1 |
2 |
|a Всесоюзная конференция по электронно-лучевой сварке
|c материалы
|d 8
|e Москва
|f 1983
|4 570
|
| 801 |
|
1 |
|a RU
|b 63413507
|c 20150204
|
| 801 |
|
2 |
|a RU
|b 63413507
|c 20170127
|g RCR
|
| 942 |
|
|
|c BK
|